| 000 | 00441 a2200169 4500 | ||
|---|---|---|---|
| 020 | _a0-582-27506-7 | ||
| 040 |
_aDLC _bDLC |
||
| 100 | 1 | _aDu Maurier, Daphne, | |
| 245 | 1 | 0 |
_aRebecca _cDaphne Du Maurier ; simplified by A. S. M. Ronaldson |
| 260 |
_aHarlow, Essex : _bLongman, _c1996 |
||
| 300 | _a106 s | ||
| 440 | 0 | _aLongman fiction | |
| 500 | _aSAMB 97-15 | ||
| 655 | 4 | _aBok | |
| 700 | 1 | _aRonaldson, A. S. M | |
| 942 |
_cBK _k823.912 DUM _2ddc |
||
| 999 |
_c5059 _d5059 |
||